Flowers And Their Messages (Record no. 1385399)

MARC details
000 -LEADER
fixed length control field 00552nam a2200229Ia 4500
008 - FIXED-LENGTH DATA ELEMENTS--GENERAL INFORMATION
fixed length control field 160525s9999||||xx |||||||||||||| ||und||
040 ## - CATALOGING SOURCE
Transcribing agency English
082 ## - DEWEY DECIMAL CLASSIFICATION NUMBER
Classification number VIII.C/Mother
082 ## - DEWEY DECIMAL CLASSIFICATION NUMBER
Item number BORI-95707
245 ## - TITLE STATEMENT
Title Flowers And Their Messages
300 ## - PHYSICAL DESCRIPTION
Extent XV+309
300 ## - PHYSICAL DESCRIPTION
Dimensions C
300 ## - PHYSICAL DESCRIPTION
Accompanying material Paperback
530 ## - ADDITIONAL PHYSICAL FORM AVAILABLE NOTE
Availability source Anuradha Damle
530 ## - ADDITIONAL PHYSICAL FORM AVAILABLE NOTE
Uniform Resource Identifier <a href="00095707.pdf">00095707.pdf</a>
563 ## - BINDING INFORMATION
Binding note Study
630 ## - SUBJECT ADDED ENTRY--UNIFORM TITLE
Uniform title Flowers And Their Messages
650 ## - SUBJECT ADDED ENTRY--TOPICAL TERM
Topical term or geographic name as entry element "Agri,Botany,Chem."
650 ## - SUBJECT ADDED ENTRY--TOPICAL TERM
Topical term or geographic name as entry element Science
730 ## - ADDED ENTRY--UNIFORM TITLE
Uniform title Flowers And Their Messages
942 ## - ADDED ENTRY ELEMENTS (KOHA)
Koha item type Book
Holdings
Withdrawn status Lost status Damaged status Not for loan Home library Current library Date acquired Total Checkouts Full call number Barcode Date last seen Price effective from Koha item type
        Bhandarkar Oriental Research Institute, Pune Bhandarkar Oriental Research Institute, Pune 01/12/2006   BORI-95707 BORI-95707 05/25/2016 05/25/2016 Book